000
003230000a22001450004500
001
005367
003
MACL
040
_a
MACL
090
_c
17360
_d
17359
245
_a
Tareekh Arz e Muqaddas
_b
Sharar Molvi Ab.Haleem
260
_a
Dilgudaaz Press Lucknow
350
_a
1.75
650
_a
Urdu Literature
942
_k
891
_c
Book
999
_c
17249
_d
17249